| 000 | 01551nam a2200337Ia 4500 | ||
|---|---|---|---|
| 005 | 20211111074636.0 | ||
| 008 | 130821s2002 mx gr spa | ||
| 020 | _a970654920X | ||
| 040 |
_aCo-BoUCM _bspa |
||
| 041 | 0 | 0 | _aspa |
| 245 | 1 | 0 |
_aConstruir la historia homenaje a Ruggiero Romano _cCoordinador Alejandro Tortolero |
| 250 | _aCoordinación editorial Laura Quintanilla. | ||
| 260 |
_aMéxico D.F. (México) _bUniversidad Autónoma Metropolitana, El Colegio de México, Instituto Mora, El Colegio de Michoacán _c2002 |
||
| 300 | _a[1 volumen] | ||
| 504 | _aIncluye bibliografías. | ||
| 600 |
_aRomano, Ruggiero _d1923-2002 _vBibliografías _9163585 |
||
| 600 |
_aRomano, Ruggiero _d1923-2002 _vHomenajes póstumos _9163586 |
||
| 600 |
_aRomano, Ruggiero _d1923-2002 _xCrítica e interpretación, etc. _9163587 |
||
| 650 | 0 | 4 |
_aHistoria _vFuentes _vCongresos, conferencias, etc. _97695 |
| 650 | 0 | 4 |
_aHistoriografía _916967 |
| 650 | 0 | 4 |
_aHistoriografía _vCongresos, conferencias, etc. _97698 |
| 700 | 1 |
_aQuintanilla, Laura _eed. _9163588 |
|
| 700 | 1 |
_aTortolero, Alejandro. _9163589 |
|
| 710 |
_aEl Colegio de México _9131486 |
||
| 710 |
_aEl Colegio de Michoacán _9163590 |
||
| 710 |
_aInstituto de Investigaciones Dr. José María Luis Mora _981283 |
||
| 710 |
_aUniversidad Autónoma del Estado de México _968015 |
||
| 710 |
_aUniversidad Autónoma Metropolitana. _bUnidad Iztapalapa. _bDivisión de Ciencias Sociales y Humanidades _9163591 |
||
| 942 |
_cLIBRO _a21 _e1 _mC758 _2DEWEY _h907.2 |
||
| 999 |
_c53219 _d53219 |
||